000 00326nam a2200145 i 4500
001 bg
100 1 _aPAUKER, Zygmunt
245 0 _aStytystyka pracy /
_cZygmunt Pauker.
250 _aWyd.2 zmien.
260 _aWarszawa,
_c1978.
040 _cBPK
041 _apol
942 _cKS
008 s pl f |000 0 pol
999 _c9678
_d9678
856 _uhttp://koha.tu.koszalin.pl/cgi-bin/koha/opac-detail.pl?biblionumber=9678
_yKatalog online BPK